000 01122nam a2200325 4500
003 CO-CtgCURN
005 20260326114419.0
007 ta
008 160627s1976 000 0 eng d
020 _a9682500826
040 _aCO-CtgCURN
_bspa
_ccoctgcurn
082 0 _a616.12
_bD89e
100 1 _aDubin, Dale B.
245 1 0 _aElectrocardiografía práctica /
_cDale B. Dubin.
250 _a3a ed.
260 _aMéxico :
_bMcGraw-Hill,
_c1976.
300 _a293 p :
_bil., fot.
336 _2rdacontent
337 _2rdamedia
_asin mediacion
_bn
338 _2rdacarrier
_avolumen
_bnc
500 _aIncluye indice alfabético.
505 8 _aFundamentos.--Frecuencia.--Ritmo.--Eje.--Hipertrofia.--Infarto.--Esquema seriado de interpretación rápida de los EKG.--Trazos de EKG
590 _aMedicina Avanzada de Emergencia (Medicina)
650 1 4 _aElectrocardiografia.
650 1 4 _aElectrocardiografia
_vManuales.
650 1 4 _aEnfermedades cardíacas
_vDiagnóstico.
908 _a160627
942 _cBK
_h616.12
_iD89e
_2ddc
999 _c22274
_d22274